| 000 | 00405nam a22001697a 4500 | ||
|---|---|---|---|
| 003 | OSt | ||
| 005 | 20211009142548.0 | ||
| 008 | 211009b |||||||| |||| 00| 0 eng d | ||
| 020 | _a812611407x | ||
| 040 | _chu | ||
| 082 | _a591.51 | ||
| 100 |
_aSingh Harjindra _911920 |
||
| 245 | _aA Text book of Animal Behaviour | ||
| 260 |
_aIndia _bANMOL _c2001 |
||
| 300 |
_a537 _bpc _c21 |
||
| 942 |
_2ddc _cBOOKS _n0 |
||
| 999 |
_c11077 _d11077 |
||